Statistics for Formula 1 Grand Prixs - Bridesmaids, never the Bride - 1990s

Click here to take the quiz!

General Stats

  • This quiz has been taken 102 times
  • The average score is 7 of 10

Answer Stats

No. of PodiumsNationalityPodium YearsDRIVER% Correct
2Finland1999Mika Salo
97%
2Netherlands1994Jos Verstappen
95%
3Austria1997, 2005, 2007Alexander Wurz
91%
9United Kingdom1992 - 95Martin Brundle
90%
1Finland1991JJ Lehto
81%
1U.S.A.1993Michael Andretti
79%
3United Kingdom1993 - 94Mark Blundell
71%
1Japan1990Aguri Suzuki
69%
1Italy1995Gianni Morbidelli
43%
1France1994Eric Bernard
34%

Score Distribution

Percentile by Number Answered

Percent of People with Each Score

Your Score History

You have not taken this quiz